000 00472nam a2200145 i 4500
001 bg
245 0 0 _aIX Krajowa Konferencja "Biocybernetyka i Inżynieria Biomedyczna" :
_bmateriały konferencyjne.
_nT. 2.
246 _aIX |Krajowa Konferencja "Biocybernetyka i Inżynieria Biomedyczna"
246 _aBiocybernetyka i Inżynieria Biomedyczna
260 _aGdańsk,
_c1992.
040 _cBPK
041 _apol
942 _cKS
008 s pl f |000 0 pol
999 _c29712
_d29712
856 _uhttp://koha.tu.koszalin.pl/cgi-bin/koha/opac-detail.pl?biblionumber=29712
_yKatalog online BPK